00675nam a2200193 a 450000100060000000300090000600800410001502000150005604000280007108200180009910000180011711000360013524500490017126001060022030000150032665000410034165000500038265000490043212594CO-ViMGA141112s2004 ck r 000 u spa d a9586120252 aCO-ViMGAbspacCO-ViMGA04a025.4939 M3441 aMejia, Myriam aInstituto Colombiano de Cultura10aLa Cultura popular y la Biblioteca Pública aBogotá : bColcutura : bPresidencia de la República, cPlan Nacional de Rehabilitación, c1989 a72p. : il.14aBIBLIOTECA PUBLICA Y CULTURA POPULAR14aCULTURA POPULAR - RECUPERACION DE INFORMACION14aENCABEZAMIENTOS DE MATERIA - CULTURA POPULAR